Deutsche Städte anhand ihres französischen Namens - Statistiken

Allgemein
  • Dieses Quiz wurde 852 mal gespielt
  • Das Durchschnittsergebnis liegt bei 31 aus 39
Antwortstatistiken
Französischer Name Deutscher Name % Korrekt
Augsbourg Augsburg
100%
Brême Bremen
100%
Cassel Kassel
99%
Cologne Köln
99%
Dresde Dresden
98%
Francfort-sur-le-Main Frankfurt am Main
98%
Hambourg Hamburg
98%
Duisbourg Duisburg
97%
Flensbourg Flensburg
97%
Coblence Koblenz
97%
Magdebourg Magdeburg
97%
Munich München
97%
Wolfsbourg Wolfsburg
96%
Fribourg-en-Brisgau Freiburg
95%
Nuremberg Nürnberg
95%
Oldenbourg Oldenburg
95%
Lunebourg Lüneburg
93%
Sarrebruck Saarbrücken
93%
Wurtzbourg Würzburg
93%
Constance Konstanz
91%
Marbourg Marburg
91%
Iéna Jena
87%
Limbourg Limburg
87%
Francfort-sur-l'Oder Frankfurt (Oder)
81%
Tubingue Tübingen
79%
Brunswick Braunschweig
74%
Hamelin Hameln
70%
Naumbourg Naumburg
70%
Sarrebourg Saarburg
66%
Sarrelouis Saarlouis
65%
Mayence Mainz
64%
Trèves Trier
60%
Spire Speyer
57%
Clèves Kleve
56%
Aix-la-Chapelle Aachen
45%
Deux-Ponts Zweibrücken
45%
Kreutznach Bad Kreuznach
39%
Ratisbonne Regensburg
33%
Juliers Jülich
22%
Keine übereinstimmenden Quizze gefunden
Verteilung der Resultate
Anzahl Personen mit jedem Resultat
Perzentil nach korrekt beantworteten Fragen
Ihre Resultats-Entwicklung
Sie haben dieses Quiz noch nicht gespielt